| 000 | 00830nam a2200253 i 4500 | ||
|---|---|---|---|
| 001 | 17522 | ||
| 003 | ES-MaACL | ||
| 005 | 20230906151615.0 | ||
| 007 | t| | ||
| 008 | 010326s2000 sp ||||1| spa d | ||
| 020 | _a84-8154-428-0 | ||
| 080 | _a929 Rejano, Juan (064.3) | ||
| 080 | _a821.134.2 Rejano, Juan 1.06 | ||
| 245 | 0 | 0 |
_aJuan Rejano _b: memoria de un exilio. |
| 260 |
_aPuente Genil : _bAyuntamiento, _c[2000] |
||
| 300 |
_a359 p. : _bil. ; _c33 cm. |
||
| 500 | _aCatálogo de la Exposición celebrada en Puente Genil, Córdoba en noviembre de 2000. | ||
| 600 | 1 | 4 |
_aRejano, Juan- _vExposiciones. _996099 |
| 655 | 7 |
_2tgfbne _9193628 _aCatálogos de exposiciones |
|
| 710 | 1 |
_aPuente Genil. _bAyuntamiento. _96269 |
|
| 852 |
_aES-MaACL _jL-24263 _bR.129569 |
||
| 942 | _2udc | ||
| 999 |
_c17522 _d17522 |
||